| 000 | 00568nam a2200181Ia 4500 | ||
|---|---|---|---|
| 005 | 20250508163904.0 | ||
| 008 | 008 250505s9999 xx 000 0 eng d | ||
| 037 | _aTextual | ||
| 040 |
_aFEDL _beng _cFEDL |
||
| 041 |
_aeng _2eng |
||
| 084 |
_a379.1, VAR _qFEDL |
||
| 100 | _aVarghese N V | ||
| 245 | 0 | _aInvestment priorities and cost analysis : A study of upper primary education in India | |
| 260 |
_aNew Delhi, India _bVikas Publishing House Private Limited _c2001 |
||
| 300 | _a200p. | ||
| 942 |
_cTEXL _h379.1, VAR |
||
| 999 |
_c1385799 _d1385799 |
||